| 000 | 01461nam a2200337 a 4500 | ||
|---|---|---|---|
| 001 | ebr10630576 | ||
| 003 | CaPaEBR | ||
| 006 | m u | ||
| 007 | cr cn||||||||| | ||
| 008 | 121211s2012 enka sb 001 0 eng d | ||
| 020 | _z9781119971047 | ||
| 020 | _z9781119942832 (e-book) | ||
| 040 |
_aCaPaEBR _cCaPaEBR |
||
| 035 | _a(OCoLC)823379843 | ||
| 050 | 1 | 4 |
_aHF5548.85 _b.C66 2012eb |
| 245 | 0 | 0 |
_aContemporary occupational health psychology _h[electronic resource] : _bglobal perspectives on research and practice. Volume 2 / _cedited by Jonathan Houdmont, Stavroula Leka and Robert R. Sinclair. |
| 260 |
_aChichester, U.K. : _bWiley-Blackwell, _c2012. |
||
| 300 |
_axiv, 270 p. : _bill. |
||
| 490 | 0 |
_aContemporary occupational health psychology : global perspectives on research and practice ; _vv. 2 |
|
| 504 | _aIncludes bibliographical references and indexes. | ||
| 533 |
_aElectronic reproduction. _bPalo Alto, Calif. : _cebrary, _d2011. _nAvailable via World Wide Web. _nAccess may be limited to ebrary affiliated libraries. |
||
| 650 | 0 | _aJob stress. | |
| 650 | 0 | _aPsychology, Industrial. | |
| 650 | 0 | _aClinical health psychology. | |
| 655 | 7 |
_aElectronic books. _2local |
|
| 700 | 1 | _aHoudmont, Jonathan. | |
| 700 | 1 | _aLeka, Stavroula. | |
| 700 | 1 | _aSinclair, Robert R. | |
| 710 | 2 | _aebrary, Inc. | |
| 856 | 4 | 0 |
_uhttp://site.ebrary.com/lib/rucke/Doc?id=10630576 _zAn electronic book accessible through the World Wide Web; click to view |
| 999 |
_c52811 _d52811 |
||